000 00282nam a2200109Ia 4500
008 210430s9999 xx 000 0 und d
082 _a520 S5241 S
100 _aMichael Sharpe
_947492
245 _aSpace The Ultimate Frontier
_cMichael Sharpe
300 _a160 p
942 _cMX
_2ddc
999 _c564261
_d564261